Fundamentos del derecho procesal civil

Enregistré dans:
Détails bibliographiques
Auteur principal: Couture, Eduardo Juan (Auteur)
Format: Livre
Langue:espagnol
Publié: Santiago Puntolex 2010
Édition:4a. ed
Collection:Obras Couture
Sujets:
Tags: Ajouter un tag
Pas de tags, Soyez le premier à ajouter un tag!

MARC

LEADER 00000nam a2200000 a 4500
001 UCG2990
003 CL-VaPUC
008 100805e20100608CL |||||||||||||||||spa|d
020 |a 9789563370256 
082 0 4 |a 347.05  |b COU  |2 21 
100 0 |a Couture, Eduardo Juan  |e author  |9 404214 
245 1 0 |a Fundamentos del derecho procesal civil 
250 |a 4a. ed 
300 |a t.1 
942 |c BK 
945 |d 20100805 00:00:00  |a mfarfan 
260 |a Santiago  |b Puntolex  |c 2010 
650 0 |a Jurisdicción  |9 255090 
650 7 |a PROCESAMIENTO CIVIL  |2 CL-VaPUC  |9 384959 
650 0 |a Prueba  |9 256247 
650 0 |a Recursos procesales  |9 255595 
650 0 |a Sentencias  |9 256250 
583 |a last modification  |c 20100805 00:00:00  |k Rodrigo Vera 
490 0 |a Obras Couture 
999 |c 342091  |d 342089 
952 |0 0  |1 0  |4 0  |6 347_050000000000000_COU_2010  |7 0  |8 A  |9 438052  |a BIBDER  |b BIBDER  |d 2019-11-22  |h t.1  |i 4701941  |l 3  |o 347.05 COU 2010  |p 4701941  |r 2024-10-08  |s 2024-10-01  |w 2019-11-22  |y BK  |k DER